| 000 | 00716pam a2200229 a 4500 | ||
|---|---|---|---|
| 020 | _a0803950047 | ||
| 020 | _a0803950055 (pbk.) | ||
| 040 | _cDLC | ||
| 082 | 0 | 0 | _a305 SAG 1993 A089 Or. |
| 245 | 0 | 2 |
_aA History of race relations research : _bfirst-generation recollections / |
| 260 |
_aNewbury Park, Calif. : _bSage, _cc1993. |
||
| 300 |
_axxv, 286 p. ; _c23 cm. |
||
| 490 | 0 | _aSage focus editions ; | |
| 650 | 0 | _aRace relations | |
| 650 | 0 | _aMinorities | |
| 650 | 0 | _aSociology | |
| 650 | 0 | _aSociologists | |
| 700 | 1 | _aStanfield, John H. | |
| 856 | 4 | 2 | _uhttp://www.loc.gov/catdir/enhancements/fy0655/93017609-d.html |
| 856 | 4 | 1 | _uhttp://www.loc.gov/catdir/enhancements/fy0655/93017609-t.html |
| 942 | _cEK | ||
| 999 |
_c16231 _d16231 |
||